| 000 | nam a22 7a 4500 | ||
|---|---|---|---|
| 999 |
_c26370 _d26370 |
||
| 008 | 170204b xxu||||| |||| 00| 0 eng d | ||
| 050 | _aND 588 .G7N6 1963 | ||
| 100 | _aNochlin, Linda. | ||
| 245 |
_aMathis at colmar : _ba visual confrontation/ _cLinda Nochlin. |
||
| 260 |
_aNewYork : _bRed dust, Inc, _c1963. |
||
| 300 |
_a34p. : _bill. ; _c25cm. |
||
| 500 | _aInclude index. | ||
| 942 |
_2lcc _cBOOKS |
||